<?xml version="1.0" encoding="UTF-8"?>
<record
    xmlns:xsi="http://www.w3.org/2001/XMLSchema-instance"
    xsi:schemaLocation="http://www.loc.gov/MARC21/slim http://www.loc.gov/standards/marcxml/schema/MARC21slim.xsd"
    xmlns="http://www.loc.gov/MARC21/slim">

  <leader>02260nam a2200301 i 4500</leader>
  <controlfield tag="003">DO-SdBNP</controlfield>
  <controlfield tag="005">20250708121048.0</controlfield>
  <controlfield tag="007">ta</controlfield>
  <controlfield tag="008">250708t2025    dr o          000 0 spa d</controlfield>
  <datafield tag="020" ind1=" " ind2=" ">
    <subfield code="a">9789945291919</subfield>
  </datafield>
  <datafield tag="040" ind1=" " ind2=" ">
    <subfield code="a">DO-SdBNP</subfield>
    <subfield code="b">spa</subfield>
    <subfield code="c">BNPHU</subfield>
    <subfield code="e">rda</subfield>
  </datafield>
  <datafield tag="041" ind1=" " ind2=" ">
    <subfield code="h">spa</subfield>
  </datafield>
  <datafield tag="082" ind1=" " ind2=" ">
    <subfield code="a">xxxx</subfield>
    <subfield code="b">S237</subfield>
    <subfield code="2">22</subfield>
  </datafield>
  <datafield tag="100" ind1="1" ind2=" ">
    <subfield code="a">Santos, Rafael </subfield>
    <subfield code="d">1968-</subfield>
    <subfield code="e">autor</subfield>
    <subfield code="4">aut.</subfield>
    <subfield code="9">43510</subfield>
    <subfield code="q">Santos, Rafael Jiovanny </subfield>
  </datafield>
  <datafield tag="245" ind1="1" ind2="0">
    <subfield code="a">Brian A. DePe&#xF1;a biograf&#xED;a de un l&#xED;der :</subfield>
    <subfield code="b">sus or&#xED;genes, su pasi&#xF3;n, sus sue&#xF1;os... /</subfield>
    <subfield code="c">Rafael Santos ; breves palabras, Javier Herrera ; presentaci&#xF3;n, Antoliano Peralta Romero</subfield>
  </datafield>
  <datafield tag="264" ind1=" " ind2=" ">
    <subfield code="a">Santo Domingo :</subfield>
    <subfield code="b">Editora B&#xFA;ho,</subfield>
    <subfield code="c">2025.</subfield>
  </datafield>
  <datafield tag="300" ind1=" " ind2=" ">
    <subfield code="a">186 p&#xE1;ginas</subfield>
    <subfield code="b">fotograf&#xED;as</subfield>
    <subfield code="c">24 cm.</subfield>
  </datafield>
  <datafield tag="336" ind1=" " ind2=" ">
    <subfield code="a">texto</subfield>
    <subfield code="b">txt</subfield>
    <subfield code="2">rdacontent</subfield>
  </datafield>
  <datafield tag="337" ind1=" " ind2=" ">
    <subfield code="a">sin mediaci&#xF3;n</subfield>
    <subfield code="b">n</subfield>
    <subfield code="2">rdamedia</subfield>
  </datafield>
  <datafield tag="338" ind1=" " ind2=" ">
    <subfield code="a">volumen</subfield>
    <subfield code="b">nc</subfield>
    <subfield code="2">rdacarrier</subfield>
  </datafield>
  <datafield tag="500" ind1=" " ind2=" ">
    <subfield code="a">Incluye datos biograf&#xED;cos del autor en las p&#xE1;ginas 187-188.</subfield>
  </datafield>
  <datafield tag="520" ind1=" " ind2=" ">
    <subfield code="a">Un libro biogr&#xE1;fico logra adecuadamente su prop&#xF3;sito cuando responde a la realidad, y este lo consigue a plenitud por ser, indudablemente, veraz. Tengo recuerdos lejanos de la etapa infantil de la vida del biografiado y al contrastarlos con lo aqu&#xED; descrito confirmo mi afirmaci&#xF3;n anterior.
La familia DePe&#xF1;a-S&#xE1;nchez emigr&#xF3; de Hig&#xFC;ey hacia Miches, probablemente poco despu&#xE9;s de la muerte de Trujillo. Todos les llam&#xE1;bamos &#x201C;los hig&#xFC;eyanos&#x201D; hasta que supimos sus nombres.
El patriarca Alejandro DePe&#xF1;a era un hombre de esos que con solo mirarlo inspiraba respeto; lo mismo ocurr&#xED;a con do&#xF1;a Olivia, la esposa. En definitiva, los DePe&#xF1;a-S&#xE1;nchez, tanto los padres como los hijos, eran lo que se puede denominar gente buena.
Uno de los hijos de don Alejandro y do&#xF1;a Olivia, conocido como &#x201C;Nando&#x201D;, se uni&#xF3; en matrimonio con la joven profesora Ramona P&#xE1;ez, ambos cristianos adventistas. De ese matrimonio nacieron cuatro varones. Uno de ellos Brian o Aurelio, como todos lo llam&#xE1;bamos. Era una familia humilde forjada en la escasez y las limitaciones que agrega nacer y crecer en un pueblo peque&#xF1;o e incomunicado.</subfield>
  </datafield>
  <datafield tag="590" ind1=" " ind2=" ">
    <subfield code="a">Inventariado, 2025/ YL</subfield>
  </datafield>
  <datafield tag="700" ind1="1" ind2=" ">
    <subfield code="a">Herrera, Javier </subfield>
    <subfield code="e">breves palabras</subfield>
    <subfield code="4">br.</subfield>
    <subfield code="9">88280</subfield>
  </datafield>
  <datafield tag="700" ind1="1" ind2=" ">
    <subfield code="a">Peralta Romero, Antoliano </subfield>
    <subfield code="e">presentaci&#xF3;n</subfield>
    <subfield code="4">pr.</subfield>
    <subfield code="9">88281</subfield>
  </datafield>
  <datafield tag="910" ind1=" " ind2=" ">
    <subfield code="a">YLockward</subfield>
  </datafield>
  <datafield tag="942" ind1=" " ind2=" ">
    <subfield code="2">ddc</subfield>
    <subfield code="c">LBS1</subfield>
  </datafield>
  <datafield tag="952" ind1=" " ind2=" ">
    <subfield code="0">0</subfield>
    <subfield code="1">0</subfield>
    <subfield code="2">ddc</subfield>
    <subfield code="5">1</subfield>
    <subfield code="7">0</subfield>
    <subfield code="8">PD</subfield>
    <subfield code="a">BNPHU</subfield>
    <subfield code="b">BNPHU</subfield>
    <subfield code="c">CT</subfield>
    <subfield code="d">2025-05-23</subfield>
    <subfield code="e">Dep&#xF3;sito Legal</subfield>
    <subfield code="l">0</subfield>
    <subfield code="o">BNPHU PD xxxx S237</subfield>
    <subfield code="p">2025-6252</subfield>
    <subfield code="r">2025-07-08</subfield>
    <subfield code="w">2025-07-08</subfield>
    <subfield code="y">LBS1</subfield>
  </datafield>
  <datafield tag="952" ind1=" " ind2=" ">
    <subfield code="0">0</subfield>
    <subfield code="1">0</subfield>
    <subfield code="2">ddc</subfield>
    <subfield code="5">1</subfield>
    <subfield code="7">0</subfield>
    <subfield code="8">PD</subfield>
    <subfield code="a">BNPHU</subfield>
    <subfield code="b">BNPHU</subfield>
    <subfield code="c">CT</subfield>
    <subfield code="d">2025-05-23</subfield>
    <subfield code="e">Dep&#xF3;sito Legal</subfield>
    <subfield code="l">0</subfield>
    <subfield code="o">BNPHU PD xxxx S237</subfield>
    <subfield code="p">2025-6253</subfield>
    <subfield code="r">2025-07-08</subfield>
    <subfield code="t">e. 2</subfield>
    <subfield code="w">2025-07-08</subfield>
    <subfield code="y">LBS1</subfield>
  </datafield>
  <datafield tag="999" ind1=" " ind2=" ">
    <subfield code="c">59458</subfield>
    <subfield code="d">59458</subfield>
  </datafield>
</record>
